| 000 | 00882nam a22002777a 4500 | ||
|---|---|---|---|
| 003 | CHAP | ||
| 005 | 20220329135926.0 | ||
| 008 | 971013s1992 r 00010 d | ||
| 010 | _a44222 | ||
| 011 | _a45194 | ||
| 035 | _a49333 | ||
| 040 | _cCHAP | ||
| 082 |
_a368 _bM35 |
||
| 100 | 0 | 0 |
_aMinzoni Consorti, Antonio. _976022 |
| 245 | _aCrónica de doscientoes años del seguro en México | ||
| 260 |
_aMéxico, D.F. : _bComisión Nacional de Seguros y Finanzas, _c1992 |
||
| 300 |
_a176 p. _e+ anexos |
||
| 590 |
_aBATCH-UPD _b10 _c20130110 _lUCH01 _h2024 |
||
| 590 |
_aBATCH-UPD _b10 _c20130410 _lUCH01 _h1341 |
||
| 590 |
_aBATCH-UPD _b10 _c20130914 _lUCH01 _h1820 |
||
| 590 |
_aCONVERSION _b10 _c20130109 _lUCH01 _h1324 |
||
| 650 | 1 | 4 |
_aSeguros _xHistoria _xMéxico. _9103730 |
| 901 | _aBK | ||
| 942 | _cLIBRO | ||
| 949 |
_a368 M35 _bBC _cLIBRO _d33724000010831 _eLIBRO _h89362 _i49333 _mD _si |
||
| 999 |
_c44222 _d44222 |
||